Unscramble the Easter Words - Statistics

General Stats
  • This quiz has been taken 38 times
  • The average score is 13 of 15
Answer Stats
Letters Word % Correct
ynunb Bunny
100%
mha Ham
100%
tnhu Hunt
100%
cckhi Chick
97%
hccoatleo Chocolate
97%
tkesab Basket
93%
ydanc Candy
93%
eepps Peeps
93%
cchruh Church
90%
eussj Jesus
83%
yliafm Family
80%
orlfwes Flowers
77%
ltne Lent
77%
tdepian gesg Painted eggs
77%
iisrn Risin
57%
No matching quizzes found
Score Distribution
Percent of People with Each Score
Percentile by Number Answered
Your Score History
You have not taken this quiz